SZINERGIA HATÁS ELÉRÉSE A KONFERENCIATURIZMUSBAN

Bibliographic Details
Main Author: Jóka Alexa Viktória
Other Authors: Hegedűs Péter
Format: Project work
Kulcsszavak:Szinergia
konferencia
Online Access:http://dolgozattar.uni-bge.hu/15884

MARC

LEADER 00000nnm a2200000 i 4500
001 dolg15884
005 20180925105104.0
008 180510suuuu hu o 000 hun d
040 |a BGE Dolgozattár Repozitórium  |b hun 
041 |a hu 
100 1 |a Jóka Alexa Viktória 
245 1 0 |a SZINERGIA HATÁS ELÉRÉSE A KONFERENCIATURIZMUSBAN   |c Jóka Alexa Viktória  |h [elektronikus dokumentum] 
246 1 1 |a SZINERGIA HATÁS ELÉRÉSE A KONFERENCIATURIZMUSBAN  
516 |a Project_work 
695 |a Szinergia 
695 |a konferencia 
700 1 |a Hegedűs Péter  |e ths 
856 4 0 |u http://dolgozattar.uni-bge.hu/15884/1/J%C3%B3ka%20Alexa%20-%20Projektmunka.pdf  |z Dokumentum-elérés